00296nam a2200121Ia 4500008004100000020001800041041000800059082001000067100001200077245005100089260002500140300000900165230211s9999 xx 000 0 und d a0-688-12119-5 aeng a179.9 aElgin D aVoluntary Simplicity : Toward A Way Of Life... bHarper Collinsc1993 a240p